| 000 -LEADER |
| fixed length control field |
00367cam a22001217a 4500 |
| 008 - FIXED-LENGTH DATA ELEMENTS--GENERAL INFORMATION |
| fixed length control field |
180718b1983 xxu||||| |||| 00| 0 eng d |
| 082 ## - DEWEY DECIMAL CLASSIFICATION NUMBER |
| Classification number |
Vx73 G68 |
| 100 ## - MAIN ENTRY--PERSONAL NAME |
| Personal name |
Gormley, William T. |
| 245 ## - TITLE STATEMENT |
| Title |
The politics of public utility regulation |
| Statement of responsibility, etc. |
by William T. Gormley |
| 260 ## - PUBLICATION, DISTRIBUTION, ETC. |
| Place of publication, distribution, etc. |
Pittsburgh |
| Name of publisher, distributor, etc. |
University |
| Date of publication, distribution, etc. |
1983 |
| 300 ## - PHYSICAL DESCRIPTION |
| Extent |
271p. |
| 650 ## - SUBJECT ADDED ENTRY--TOPICAL TERM |
| Topical term or geographic name entry element |
Public utilities - United States |